Enfrentando la globalización: respuestas sociales a la integración económica de México /

保存先:
書誌詳細
第一著者: Carlsen, Laura
その他の著者: Wise, Tim, Salazar, Hilda
フォーマット: テキスト
出版事項: México, D.F.: Red Mexicana de Acción Frente al Libre Comercio
主題:
タグ: タグ追加
タグなし, このレコードへの初めてのタグを付けませんか!

MARC

LEADER 00000 a a2200000 04500
001 35114
003
040
090 |a 0001 C284e  
100 |a Carlsen, Laura  
245 |a Enfrentando la globalización: respuestas sociales a la integración económica de México /  |c Laura Carlsen 
260 |a México, D.F.:   |b Red Mexicana de Acción Frente al Libre Comercio  
300 |a 273 p.  
650 |a EMPRESAS TRANSNACIONALES  
650 |a DESPERDICIOS TOXICOS  
650 |a MOVIMIENTOS SOCIALES  
650 |a MEXICO  
650 |a COMUNIDADES RURALES  
650 |a TLCAN  
650 |a DETERIORO AMBIENTAL  
700 |a Wise, Tim.  
700 |a Salazar, Hilda  
999 |c 16233  |d 16233